书目信息 |
| 题名: |
总量控制中的离散规划
|
|
| 作者: | 胡炳清 编著 | |
| 分册: | ||
| 出版信息: | 北京 中国环境科学出版社 2000.03 |
|
| 页数: | 138页 | |
| 开本: | 16开 | |
| 丛书名: | ||
| 单 册: | ||
| 中图分类: | X32 | |
| 科图分类: | ||
| 主题词: | 环境规划 , 环境管理 , 环境堡规划 | |
| 电子资源: | ||
| ISBN: | 7-80135-959-3 | |
| 000 | 00623nam0 2200217 45 | |
| 001 | 0011251534 | |
| 005 | 20001125154833.9 | |
| 010 | @a7-80135-959-3@d28.00元 | |
| 100 | @a20001125d2000 km y0chiy0120 ea | |
| 101 | 0 | @achi |
| 105 | @a z 000yy | |
| 200 | 1 | @a总量控制中的离散规划@AZong Liang Kong Zhi Zhong De Li San Gui Hua@f胡炳清编著@FHu Bing Qing Bian Zhu |
| 210 | @a北京@c中国环境科学出版社@d2000.03 | |
| 215 | @a138页@d16开 | |
| 606 | 0 | @a环境规划 |
| 606 | 0 | @a环境管理 |
| 606 | 0 | @a环境堡规划 |
| 690 | @aX32@v3 | |
| 701 | 0 | @a胡炳清@4编著 |
| 801 | @aCN@bPftUser@c20001125 | |
| 905 | @b504173-177@dX32@eH673@f5 | |
| 总量控制中的离散规划/胡炳清编著.-北京:中国环境科学出版社,2000.03 |
| 138页;16开 |
| ISBN 7-80135-959-3:28.00元 |
| ● |
| 相关链接 |
|
|
|
正题名:总量控制中的离散规划
索取号:X32/H673
 
预约/预借
| 序号 | 登录号 | 条形码 | 馆藏地/架位号 | 状态 | 备注 |
| 1 | 504173 | 205041738 | 自科库501/501自科库 65排5列5层/ [索取号:X32/H673] | 在馆 | |
| 2 | 504174 | 205041747 | 自科二线504/501自科库 65排5列5层/ [索取号:X32/H673] | 在馆 | |
| 3 | 504175 | 205041756 | 自科二线504/501自科库 65排5列5层/ [索取号:X32/H673] | 在馆 | |
| 4 | 504176 | 205041765 | 自科库501/501自科库 65排5列5层/ [索取号:X32/H673] | 在馆 | |
| 5 | 504177 | 205041774 | 自科二线504/501自科库 65排5列5层/ [索取号:X32/H673] | 在馆 |